| 000 | 00629nam a22001937i 4500 | ||
|---|---|---|---|
| 999 |
_c23270 _d23270 |
||
| 003 | AR-CdUCM | ||
| 008 | 250415b20192019 pe||||| |||| 00| 0 spa d | ||
| 020 | _a978-9974-894-70-9 | ||
| 040 |
_aMUNICIPALIDAD PROVINCIAL DEL CUSCO _cBIBLIOTECA MUNICIPAL DEL CUSCO |
||
| 041 | _hspa | ||
| 082 |
_aPI / 869.56 / M21 _bM21 |
||
| 110 |
_aLatinbooks International S.A. _951056 |
||
| 245 |
_aCuentos con animales : _bLa hora del cuento / |
||
| 260 |
_aUruguay : _bEditorial Latinbooks _c2019 |
||
| 300 |
_a96 páginas. : _bIlustraciones _c26x21 cm. |
||
| 856 | _fwww.latinbooksint.com | ||
| 942 |
_2ddc _cLIBROS |
||
| 945 |
_apbjr _d15-04-2025 |
||